Countries furthest from Austria - Statistics

General Stats
  • This quiz has been taken 42 times
  • The average score is 15 of 20
Answer Stats
km mi Answer % Correct
12307 7647 Australia
97%
17422 10826 New Zealand
97%
10461 6500 Argentina
85%
10617 6597 Chile
85%
16062 9980 Fiji
79%
12661 7867 Papua New Guinea
79%
9783 6079 Peru
79%
16026 9958 Samoa
77%
10828 6728 Uruguay
77%
9952 6184 Ecuador
74%
16548 10282 Tonga
74%
14893 9254 Vanuatu
74%
13970 8680 Nauru
72%
11294 7018 Palau
72%
10398 6461 Paraguay
72%
15150 9414 Tuvalu
72%
14383 8937 Kiribati
69%
13253 8235 Marshall Islands
69%
13132 8160 Micronesia
69%
10040 6239 Bolivia
67%
No matching quizzes found
Score Distribution
Percent of People with Each Score
Percentile by Number Answered
Your Score History
You have not taken this quiz